00710cam a2200229 i 4500001001000000003000900010005001700019007000300036008004100039040003000080082002400110100004200134245004700176264005500223300002800278336002700306337003300333338002800366490003600394650001800430650003200448000008879DO-SdBNP20240610153737.0ta920417s1989 cu 000 f spa d aDO-SdBNPbspacBNPHUerda 4aCu863.4bC297si2221 aCarpentier, Alejo,d1904-1980.eautor13aEl siglo de las luces /cAlejo Carpentier. aLa Habana, Cuba :bCasa de las Américas,cc1989. a465 páginas ;c19 cm. 2rdacontentatextobtxt 2rdamediaasin mediaciónbn 2rdacarrieravolumenbnc aLiteratura latinoamericanav125 4aNovela cubana 4aLiteratura cubanaySiglo XX